Name a Valid Gen I Pokémon - Statistics

General Stats
  • This quiz has been taken 84 times
    79 since last reset
  • The average score is 15 of 20
Answer Stats
Name a valid Gen I Pokémon that... Pokemon % Correct
is not Flying type and evolves to a Flying type. Charmeleon | Metapod | Magikarp | Dragonair
90%
is categorized "The Mouse Pokémon." Rattata | Raticate | Pikachu | Raichu | Sandshrew | Sandslash
90%
is in Lance's Pokemon Yellow team. Gyarados | Aerodactyl | Dragonair | Dragonite
88%
has 'KING' in its name. Nidoking | Kingler | Seaking
87%
is Water/Psychic type. Slowpoke | Slowbro | Starmie
87%
is dual typed Fairy type. Jigglypuff | Wigglytuff | Mr. Mime
85%
gets an extra evolution in the Johto region. Golbat | Gloom | Poliwhirl | Slowpoke | Onix | Chansey | Seadra | Scyther | Porygon
83%
is Steel type. Magnemite | Magneton
83%
starts with L. Lickitung | Lapras
78%
is weak to its own type. Butterfree | Nidoqueen | Nidoking | Paras | Parasect | Geodude | Graveler | Golem | Onix | Gastly | Haunter | Gengar | Rhyhorn | Rhydon | Scyther | Aerodactyl | Dratini | Dragonair | Dragonite
77%
has a height of 0'00' - 1'00'. (0.0m - 0.3m) Caterpie | Weedle | Pidgey | Rattata | Spearow | Paras | Diglett | Magnemite | Shellder | Ditto | Eevee
75%
are only female, besides the Nidoran line. Chansey | Kangaskhan | Jynx
75%
is dual typed Fighting type. Poliwrath
75%
has an X in its name. Vulpix | Onix | Exeggcute | Exeggutor | Jynx | Snorlax
68%
are only male, besides the Nidoran line. Hitmonlee | Hitmonchan | Tauros
67%
is a non-Ground type Rock type. Omanyte | Omastar | Kabuto | Kabutops | Aerodactyl
65%
weighs 0.2 lbs. - 5.5 lbs. (0.1 kg - 2.5 kg) Diglett | Gastly | Haunter | Exeggcute | Koffing
62%
has a national dex number divisible by 20. Raticate | Wigglytuff | Poliwag | Slowbro | Voltorb | Staryu | Kabuto
55%
can be found on Route 20 in Pokémon Yellow. Poliwag | Tentacool | Tentacruel | Goldeen | Staryu | Magikarp
48%
has a Q in its name. Squirtle | Nidoqueen
45%
No matching quizzes found
Score Distribution
Percent of People with Each Score
Percentile by Number Answered
Your Score History
You have not taken this quiz since the last reset